| Tag |
First Indicator |
Second Indicator |
Subfields |
| LEADER |
00000cam a2200000 a 4500 |
| 001 |
in00000762513 |
| 005 |
20151016170935.0 |
| 008 |
880329s1988 coua b 01100 eng |
| 010 |
|
|
|a 88010713
|
| 020 |
|
|
|a 0813307627 (alk. paper)
|
| 035 |
|
|
|a (OCoLC)17806168
|
| 035 |
|
|
|9 ADJ8401AM
|
| 040 |
|
|
|a DLC
|c DLC
|d TXA
|d UtOrBLW
|
| 049 |
|
|
|a TXAM
|c [A12662425]
|
| 050 |
0 |
0 |
|a JC330
|b .P696 1988
|
| 082 |
0 |
|
|a 320/.01/1
|2 19
|
| 245 |
0 |
0 |
|a Power, inequality, and democratic politics :
|b essays in honor of Robert A. Dahl /
|c edited by Ian Shapiro and Grant Reeher.
|
| 264 |
|
1 |
|a Boulder :
|b Westview Press,
|c 1988.
|
| 300 |
|
|
|a ix, 308 pages :
|b illustrations ;
|c 24 cm.
|
| 336 |
|
|
|a text
|b txt
|2 rdacontent
|
| 337 |
|
|
|a unmediated
|b n
|2 rdamedia
|
| 338 |
|
|
|a volume
|b nc
|2 rdacarrier
|
| 504 |
|
|
|a "Bibliography of Dahl's published work, 1940-present": pages 291-294.
|
| 504 |
|
|
|a Includes bibliographies and index.
|
| 650 |
|
0 |
|a Power (Social sciences)
|
| 650 |
|
0 |
|a Democracy.
|
| 600 |
1 |
0 |
|a Dahl, Robert A.,
|d 1915-2014.
|
| 600 |
1 |
0 |
|a Dahl, Robert A.,
|d 1915-2014
|v Bibliography.
|
| 700 |
1 |
|
|a Dahl, Robert A.,
|d 1915-2014.
|
| 700 |
1 |
|
|a Shapiro, Ian.
|
| 700 |
1 |
|
|a Reeher, Grant.
|
| 999 |
|
|
|a MARS
|
| 999 |
f |
f |
|s 390ea72a-dac6-3ee9-b7a0-55a6c775c460
|i 92187d44-e6bc-3b6d-b78e-b0c8ba38c7e7
|t 0
|
| 952 |
f |
f |
|p ric
|a Texas A&M University
|b Rellis Campus
|c Joint Library Facility
|d Remote Storage
|t 0
|e JC330 .P696 1988
|h Library of Congress classification
|i unmediated -- volume
|m A14812662425
|
| 998 |
f |
f |
|a JC330 .P696 1988
|t 0
|l Remote Storage
|